| Tag |
First Indicator |
Second Indicator |
Subfields |
| LEADER |
00000cem a2200000Ia 4500 |
| 001 |
in00002492480 |
| 005 |
20211202191520.0 |
| 006 |
m d f |
| 007 |
aj cznzn |
| 007 |
cr cn||||||||| |
| 008 |
090505s2008 vauag a fs 0 eng d |
| 034 |
0 |
|
|a a
|d W1230000
|e W1220000
|f N0483000
|g N0470000
|
| 035 |
|
|
|a (OCoLC)ocn320238524
|
| 040 |
|
|
|a GPO
|c GPO
|d MvI
|d UtOrBLW
|
| 049 |
|
|
|a WWW
|
| 052 |
|
|
|a 4283
|b M3
|b P5
|
| 074 |
|
|
|a 0619-G-33 (online)
|
| 086 |
0 |
|
|a I 19.91/3:3060
|
| 100 |
1 |
|
|a Nelson, Alan R.
|
| 245 |
1 |
0 |
|a Field and laboratory data from an earthquake history study of scarps in the hanging wall of the Tacoma Fault, Mason and Pierce Counties, Washington /
|c Alan R. Nelson [and others].
|
| 255 |
|
|
|a Scales differ ;
|c (W 123°00ʹ--W 122°00ʹ/N 48°30ʹ--N 47°00ʹ).
|
| 264 |
|
1 |
|a [Reston, Va.] :
|b U.S. Dept. of the Interior, U.S. Geological Survey,
|c 2008.
|
| 300 |
|
|
|a 7 electronic maps :
|b HTML, digital, PDF file.
|
| 336 |
|
|
|a cartographic image
|b cri
|2 rdacontent
|
| 337 |
|
|
|a computer
|b c
|2 rdamedia
|
| 338 |
|
|
|a online resource
|b cr
|2 rdacarrier
|
| 490 |
1 |
|
|a Scientific investigations map ;
|v 3060
|
| 500 |
|
|
|a Relief shown by contours and spot heights.
|
| 538 |
|
|
|a Mode of access: Internet from the USGS web site. Address as of 5/5/09: http://pubs.usgs.gov/sim/3060/ ; current access is available via PURL.
|
| 500 |
|
|
|a Title from HTML index page (viewed May 5, 2009).
|
| 500 |
|
|
|a Includes text, col. ill., 4 graphs, 2 tables, 3 profiles, and 6 cross-sections.
|
| 504 |
|
|
|a Includes bibliographical references.
|
| 500 |
|
|
|a Electronic resource.
|
| 650 |
|
0 |
|a Faults (Geology)
|z Washington (State)
|z Mason County
|v Maps.
|
| 650 |
|
0 |
|a Faults (Geology)
|z Washington (State)
|z Pierce County
|v Maps.
|
| 650 |
|
0 |
|a Earthquake hazard analysis
|z Washington (State)
|z Mason County
|v Maps.
|
| 650 |
|
0 |
|a Earthquake hazard analysis
|z Washington (State)
|z Pierce County
|v Maps.
|
| 776 |
0 |
|
|t Field and laboratory data from an earthquake history study of scarps in the hanging wall of the Tacoma Fault, Mason and Pierce Counties, Washington
|h 1 map
|w (OCoLC)313985924
|
| 710 |
2 |
|
|a Geological Survey (U.S.)
|
| 830 |
|
0 |
|a Scientific investigations map ;
|v 3060.
|
| 856 |
4 |
0 |
|u https://purl.fdlp.gov/GPO/LPS112108
|t 0
|
| 999 |
|
|
|a MARS
|
| 999 |
f |
f |
|s 3b5990ca-384a-3c8b-af40-a901a818a910
|i ad170922-1bd1-33d8-9dc3-1c7c83034d0a
|t 0
|
| 952 |
f |
f |
|a Texas A&M University
|b College Station
|c Electronic Resources
|d Available Online
|t 0
|e I 19.91/3:3060
|h Superintendent of Documents classification
|
| 998 |
f |
f |
|a I 19.91/3:3060
|t 0
|l Available Online
|